| 000 | 02149cam a2200325 a 4500 | ||
|---|---|---|---|
| 005 | 20260322212058.0 | ||
| 008 | data | ||
| 010 | _a 2011002415 | ||
| 020 | _a0316056863 (hbk.) | ||
| 020 | _a9780316056861 (hbk.) | ||
| 040 |
_aDLC _cDLC _dDLC _dBTCTA _dMOF _dJRS _dUPZ _dYDXCP _dGO3 _dABG _dVP@ _dBWX _dIXA _dDLC |
||
| 042 | _apcc | ||
| 043 | _an-us--- | ||
| 050 | 0 | 0 |
_aPN2287.F4255 _bA3 2011 |
| 082 | 0 | 0 |
_aB _aB _222 |
| 092 | _a792.7 F4255 2011 | ||
| 100 | 1 |
_aFey, Tina, _d1970- |
|
| 245 | 1 | 0 |
_aBossypants / _cTina Fey. |
| 246 | 3 | _aBossy pants | |
| 250 | _a1st ed. | ||
| 260 |
_aNew York : _bLittle, Brown and Co., _c2011. |
||
| 300 |
_aviii, 277 p. : _bill. ; _c25 cm. |
||
| 500 | _a"A Reagan Arthur book." | ||
| 505 | 0 | _aOrigin story -- Growing up and liking it -- All girls must be everything -- Delaware County summer showtime! -- That's Don Fey -- Climbing Old Rag Mountain -- Young Men's Christian Association -- The Windy City, full of meat -- My honeymoon, or, A supposedly fun thing I'll never do again either -- The secrets of Mommy's beauty -- Remembrances of being very very skinny -- Remembrances of being a little bit fat -- A childhood dream, realized -- Peeing in jars with boys -- I don't care if you like it -- Amazing, gorgeous, not like that -- Dear Internet -- 30 Rock : an experiment to confuse your grandparents -- Sarah, Oprah, and Captain Hook -- There's a drunk midget in my house -- A celebrity's guide to celebrating the birth of Jesus -- Juggle this -- The mother's prayer for its daughter -- What turning forty means to me -- What should I do with my last five minutes? | |
| 520 | _aFrom her youthful days as a vicious nerd to her tour of duty on Saturday Night Live; from her passionately halfhearted pursuit of physical beauty to her life as a mother eating things off the floor; from her one-sided college romance to her nearly fatal honeymoon, comedian Tina Fey reveals all, and proves that you're no one until someone calls you bossy. | ||
| 600 | 1 | 0 |
_aFey, Tina, _d1970- |
| 650 | 0 |
_aWomen comedians _zUnited States _vBiography. |
|
| 650 | 0 |
_aWomen television personalities _zUnited States _vBiography. |
|
| 001 | data | ||
| 999 |
_c1385 _d1385 |
||